| 000 | 00356nam a22001457a 4500 | ||
|---|---|---|---|
| 020 | _a978-93-83197-31-6 | ||
| 082 |
_a894.812 _bMOH/O |
||
| 100 | _aMOHAN,NAVEEN | ||
| 245 | _aONLINE VAZHI VEETILIRUNNU PANAMUNDAKKAAM | ||
| 250 | _aSECOND | ||
| 260 |
_aKOTTAYAM _bMANORAMA BOOKS _c2014 |
||
| 300 | _a160 | ||
| 650 |
_aGENERAL AWARENESS _zKERALA |
||
| 942 | _cBK | ||
| 999 |
_c6868 _d6868 |
||